=LDR 00000nam 2200000 4500 =001 INLIS000000000017209 =005 20130612112409 =008 ***********************************Ind** =035 ##$$0010-061300000017209 =041 ##$$a Ind =082 ##$$a 352 =090 ##$$a 352, Yud o =100 ##$$a Yudoyono, Bambang =245 ##$$a Otonomi daerah, desentralisasi dan pengembangan SDM aparatur pemda dan anggita DPRB, Bambang Yudoyono =260 ##$$a 2003 $b Jakarta =300 ##$$a xvi, 171 hlm, 20 cm =650 ##$$a Pemerintah Daerah =850 ##$$a NBPNMAT =990 ##$$a 0001/BPAP-NTB/2015